00406 2200157 4500245003200000020002200032250001100054100001400065650005000079005001900129260004100148041001400189084001000203300002600213336000900239 aLove SuckscBudiyantohText a978-602-00-0567-6 aCet. 1 aBudiyanto aAdat Istiadat tentang Pacaran dan Pertunangan a20240926092725 aJakartabElex Media Komputindoc2011 aIndonesia a392.4 axxiv, 95hlm :b21cm ; atext